Proyecto: "Las compañías transnacionales en el desarrollo de la agricultura de América Latina"

Na minha lista:
Detalhes bibliográficos
Autor Corporativo: CSUCA. Programa Centroamericano de Ciencias Sociales
Formato: Texto
Publicado em: Tegucigalpa :
Tags: Adicionar Tag
Sem tags, seja o primeiro a adicionar uma tag!

MARC

LEADER 00000 a a2200000 04500
001 16400
003
040
090 |a 013200  
110 |a CSUCA. Programa Centroamericano de Ciencias Sociales  
245 |a Proyecto: "Las compañías transnacionales en el desarrollo de la agricultura de América Latina"  
260 |a Tegucigalpa :  
300 |a p. varia.  
999 |c 11308  |d 11308